| 000 | 01313nam a2200325 i 4500 | ||
|---|---|---|---|
| 001 | bg | ||
| 245 | 0 | 0 |
_aRynek nieruchomości - inwestycje i potencjał finansowy / _cred. nauk. Magdalena Kalasińska, Bogusław Półtorak. |
| 260 |
_aWrocław : _bWydawnictwo Uniwersytetu Ekonomicznego, _c2008. |
||
| 300 |
_a118 s. : _bil. ; _c24 cm. |
||
| 490 | 1 | _aDebiuty Studenckie / Akademia Ekonomiczna we Wrocławiu | |
| 500 | _aMateriały z konf. "Mieszkanie dla studenta i absolwenta" org. pod hasłem "Finansowanie i inwestycje na rynku nieruchomości". | ||
| 504 | _aBibliogr. przy ref. | ||
| 546 | _aStreszcz. ang. przy ref. | ||
| 650 | 9 |
_aNieruchomości _xfinanse |
|
| 650 | 9 |
_aNieruchomości _xinwestycje |
|
| 655 | _aMateriały konferencyjne | ||
| 700 | 1 |
_aKalasińska, Magdalena. _eRed. |
|
| 700 | 1 |
_aPółtorak, Bogusław. _eRed. |
|
| 830 | 0 | _aDebiuty Studenckie - Akademia Ekonomiczna we Wrocławiu | |
| 015 | _aPB 27767/2008 | ||
| 020 | _a9788370119003 | ||
| 040 | _cBPK | ||
| 041 | 0 |
_apol _beng |
|
| 044 | _aPOL | ||
| 080 | _a332.6/.7:330.322](06) | ||
| 920 | _a978-83-7011-900-3 | ||
| 942 | _cKS | ||
| 008 | 090408s2008 pl a |100 0 pol | ||
| 999 |
_c56255 _d56255 |
||
| 856 |
_uhttp://koha.tu.koszalin.pl/cgi-bin/koha/opac-detail.pl?biblionumber=56255 _yKatalog online BPK |
||